Every Song by LCD Soundsystem - Statistics

General Stats
  • This quiz has been taken 44 times
  • The average score is 20 of 51
Answer Stats
Album Song % Correct
This Is Happening(2010) Dance Yrself Clean
90%
Sound of Silver(2007) All My Friends
87%
LCD Soundsystem(2005) Daft Punk Is Playing at My House
80%
This Is Happening(2010) Home
77%
Sound of Silver(2007) Sound of Silver
73%
This Is Happening(2010) Drunk Girls
67%
American Dream(2017) American Dream
63%
This Is Happening(2010) I Can Change
63%
Sound of Silver(2007) New York, I Love You but You're Bringing Me Down
63%
This Is Happening(2010) You Wanted a Hit
63%
LCD Soundsystem(2005) Losing My Edge
60%
American Dream(2017) Oh Baby
60%
Sound of Silver(2007) Someone Great
60%
45:33(2007) 45:33
57%
Sound of Silver(2007) Get Innocuous!
57%
Sound of Silver(2007) North American Scum
53%
This Is Happening(2010) One Touch
53%
LCD Soundsystem(2005) Yeah
53%
This Is Happening(2010) All I Want
50%
This Is Happening(2010) Pow Pow
50%
LCD Soundsystem(2005) Tribulations
47%
This Is Happening(2010) Somebody's Calling Me
43%
Non-Album(2022) New Body Rhumba
40%
Sound of Silver(2007) Us v Them
40%
Sound of Silver(2007) Watch the Tapes
40%
LCD Soundsystem(2005) Movement
37%
Sound of Silver(2007) Time to Get Away
37%
American Dream(2017) Call the Police
33%
LCD Soundsystem(2005) Yr City's a Sucker
33%
LCD Soundsystem(2005) Beat Connection
30%
LCD Soundsystem(2005) Disco Infiltrator
30%
LCD Soundsystem(2005) Never as Tired as When I'm Waking Up
30%
American Dream(2017) Tonite
30%
American Dream(2017) Black Screen
27%
45:33(2007) Freak Out / Starry Eyes
27%
American Dream(2017) Change Yr Mind
20%
Non-Album(2015) Christmas Will Break Your Heart
20%
American Dream(2017) Emotional Haircut
20%
This Is Happening(Bonus)(2010) Oh You (Christmas Blues)
20%
American Dream(Bonus)(2017) Pulse
20%
LCD Soundsystem(2005) Too Much Love
20%
American Dream(2017) How Do You Sleep?
17%
American Dream(2017) Other Voices
17%
LCD Soundsystem(2005) Tired
17%
LCD Soundsystem(2005) Give It Up
13%
LCD Soundsystem(2005) On Repeat
13%
LCD Soundsystem(2005) Thrills
13%
LCD Soundsystem(2005) Great Release
10%
45:33(2007) Hippie Priest Bum-out
10%
American Dream(2017) I Used To
10%
Non-Album(2008) Big Ideas
3%
No matching quizzes found
Score Distribution
Percent of People with Each Score
Percentile by Number Answered
Your Score History
You have not taken this quiz